| 000 | 01138cam a2200277 i 4500 | ||
|---|---|---|---|
| 003 | SA-RiAUC | ||
| 005 | 20241125071923.0 | ||
| 008 | 241124s2001 ua g 000 0 ara c | ||
| 020 | _a9772971054 | ||
| 040 |
_aSA-JeALM _bara _cSA-RiAUC _erda |
||
| 082 | 0 | 4 | _a258.2 |
| 090 |
_a258.2 _bا ب ن ت |
||
| 100 | 1 |
_aابن تركي، أحمد بن تركي بن أحمد، _dتوفي 979 هجري _eمؤلف. |
|
| 245 | 1 | 2 |
_aالجواهر الزكية على المقدمة العشماوية / _cأحمد بن تركي المالكي. |
| 264 | 1 |
_bمطبوعات فقه إمام دار الهجرة، _c2001 |
|
| 300 | _aصفحة | ||
| 336 |
_aنص _btxt _2rdacontent _3كتاب |
||
| 337 |
_aبدون وسيط _bn _2rdamedia |
||
| 338 |
_aمجلد _bnc _2rdacarrier |
||
| 650 | 7 |
_aالفقه المالكي _vمخطوطات _2aucsh |
|
| 650 | 7 |
_aالفقه الإسلامي _xمذاهب _2aucsh |
|
| 700 | 1 | 2 |
_aالعشماوي، عبد الباري الرفاعي، _dقرن 10 هجري. _tمتن العشماوية. |
| 740 | 2 | 2 | _aالمقدمة العشماوية. |
| 942 |
_2ddc _cBOOK _n0 |
||
| 949 |
_aSA-JeALM _d241124 _umohamedma123 _n1 |
||
| 999 |
_c2763 _d2763 |
||